| 000 | 00777nam a22002177a 4500 | ||
|---|---|---|---|
| 005 | 2011081002342.0 | ||
| 008 | 110810t xxu||||| |||| 00| 0 eng d | ||
| 010 | _aENG-103481 | ||
| 020 |
_a9788189833237 _c225.00 |
||
| 035 | _aEN-87014 | ||
| 037 | _bDBAD/PUB | ||
| 040 |
_aDpl _bEng |
||
| 082 | _a973.931 | ||
| 100 |
_aMahajan,Rahul _932442 |
||
| 245 |
_aThe new crusade : _cby Rahul Mahajan _bAmerica's war on terrorism / |
||
| 260 |
_aDelhi _bAakar Books _c2007 |
||
| 270 |
_a28 E, Pocket IV,Mayur Vihar Phase I, _bDelhi _e110091 |
||
| 300 |
_axiii,160p _c24cm (pbk ) |
||
| 942 |
_2ddc _cEN _mMAH _h973.931 |
||
| 999 |
_c55215 _d55215 |
||